LEADER 01112nam a2200289 i 4500 001 991000402009707536 005 20020506130052.0 008 001103s1961 it ||| | ita 035 $ab10695047-39ule_inst 035 $aEXGIL144877$9ExL 040 $aBiblioteca Interfacoltà$bita 082 0 $a882 100 1 $aPohlenz, Max$083898 245 13$aLa tragedia greca /$cMax Pohlenz ; traduzione italiana di Maria Bellincioni 260 $aBrescia :$bPaideia,$c1961 300 $a2 v. ;$c24 cm. 490 0 $aBiblioteca di studi classici ;$v1 500 $aTit. orig.: Die griechische Tragodie 650 4$aTragedia greca 700 1 $aScarpat Bellincioni, Maria 907 $a.b10695047$b23-02-17$c28-06-02 912 $a991000402009707536 945 $aLE002 M.G. II H 14 I$cV. 1$g1$i2002000731661$lle002$o-$pE0.00$q-$rl$s- $t0$u2$v0$w2$x0$y.i10789261$z28-06-02 945 $aLE002 Gr. II H 14 II$cV. 2$g1$i2002000732194$lle002$o-$pE0.00$q-$rl$s- $t0$u2$v0$w2$x0$y.i10789273$z28-06-02 996 $aTragedia greca$9815804 997 $aUNISALENTO 998 $ale002$b01-01-00$cm$da $e-$fita$git $h3$i2 LEADER 01214nam 22004453 450 001 9910163304703321 005 20230220084621.0 010 $a1-78543-703-8 035 $a(CKB)3710000001046673 035 $a(MiAaPQ)EBC7197558 035 $a(Au-PeEL)EBL7197558 035 $a(OCoLC)1370496211 035 $a(BIP)055878716 035 $a(EXLCZ)993710000001046673 100 $a20230220d2016 uy 0 101 0 $aeng 135 $aurcnu|||||||| 181 $ctxt$2rdacontent 182 $cc$2rdamedia 183 $acr$2rdacarrier 200 14$aThe Mysterious Rider $e?When I envied a man's spurs then they were indeed worth coveting.? 210 1$aLondon :$cCopyright Group,$d2016. 210 4$d©2016. 215 $a1 online resource (208 pages) 517 $aMysterious Rider 606 $aManners and customs 606 $aRanchers 606 $aGunfights 615 0$aManners and customs. 615 0$aRanchers. 615 0$aGunfights. 676 $a813.52 700 $aGrey$b Zane$0455867 801 0$bMiAaPQ 801 1$bMiAaPQ 801 2$bMiAaPQ 906 $aBOOK 912 $a9910163304703321 996 $aThe Mysterious Rider$93010560 997 $aUNINA